History of Africa / (Record no. 88868)

MARC details
000 -LEADER
campo de control de longitud fija 00588nam a2200217 i 4500
001 - NÚMERO DE CONTROL
campo de control 88868
003 - IDENTIFICADOR DE NÚMERO DE CONTROL
campo de control ES-MaACL
005 - FECHA Y HORA DE LA ÚLTIMA TRANSACCIÓN
campo de control 20260209164050.0
007 - CAMPO FIJO DE DESCRIPCIÓN FÍSICA--INFORMACIÓN GENERAL
campo de control de longitud fija t|
008 - DATOS DE LONGITUD FIJA--INFORMACIÓN GENERAL
campo de control de longitud fija 050111s1993 xxk ||||1| eng d
020 ## - NÚMERO INTERNACIONAL ESTÁNDAR DEL LIBRO
Número Internacional Estándar del Libro 0-333-45407-3
080 ## - NÚMERO DE LA CLASIFICACIÓN DECIMAL UNIVERSAL
Número de la Clasificación Decimal Universal 960
100 1# - ENTRADA PRINCIPAL--NOMBRE DE PERSONA
Nombre de persona Shillington, Kevin.
9 (RLIN) 106123
245 10 - MENCIÓN DEL TÍTULO
Título History of Africa /
Mención de responsabilidad, etc. Kevin Shillington.
250 ## - MENCION DE EDICION
Mención de edición 1st. ed, 2ª reprint.
260 ## - PUBLICACIÓN, DISTRIBUCIÓN, ETC.
Lugar de publicación, distribución, etc. London :
Nombre del editor, distribuidor, etc. MacMillan,
Fecha de publicación, distribución, etc. 1993.
300 ## - DESCRIPCIÓN FÍSICA
Extensión V, 434 p. :
Otras características físicas il. ;
Dimensiones 25 cm.
651 #4 - PUNTO DE ACCESO ADICIONAL DE MATERIA--NOMBRE GEOGRÁFICO
Nombre geográfico África-
Subdivisión general Historia
9 (RLIN) 7595
852 ## - LOCALIZACIÓN
Ubicación ES-MaACL
Número de control de estantería E-10706
Sublocalización o colección R.135053
Holdings
Estatus retirado Estado de pérdida Estado de daño No para préstamo Biblioteca de origen Biblioteca actual Ubicación en estantería Fecha de adquisición Fuente de adquisición Total de préstamos Signatura topográfica completa Código de barras Visto por última vez Precio de reemplazo Tipo de ítem Koha
        Biblioteca del Ateneo de Madrid Biblioteca del Ateneo de Madrid Depósito 2 17/01/2008     E-10706 1092819 23/02/2023 23/02/2023 Libro impreso